Costumbres medievales.

Guardado en:
Formato: Deslizar
Materias:
Etiquetas: Agregar Etiqueta
Sin Etiquetas, Sea el primero en etiquetar este registro!
LEADER 00938ngm a22002535g 4500
001 CEM.cems022909
008 130507b2009##################0###0#####d
005 20241126153539.0
245 0 0 |a Costumbres medievales. 
300 |a 28'. 
500 |a En soporte VHS, consultar en ventanilla. 
505 0 |a Organización política de la edad moderna. La monarquía. El rey y sus atribuciones. El protectorado eclesiástico. Lucha por el poder entre la Iglesia y la Corona. El feudalismo. La sociedad medieval. 
538 |a Soporte: VHS - Norma: Pal N - Color: Si - Grabación DRD 2009 - Hitachi=0000 
082 9 4 |/ TRA 
653 |a HISTORIA 
653 |a POLITICA 
653 |a EDAD MODERNA 
653 |a MONARQUIA 
653 |a IGLESIA MEDIEVAL 
653 |a FEUDALISMO 
653 |a SOCIEDAD MEDIEVAL 
653 |a NIVEL PRIMARIO 
653 |a NIVEL SECUNDARIO 
859 |a CEMS  |b BIB. CEMS - Depto. Recursos Didacticos  |h 940  |i TRA  |k DRD  |p 1552.12  |t Ej.1